Biggest cities by country #1 - Statistics

General Stats
  • This quiz has been taken 622 times
    474 since last reset
  • The average score is 32 of 40
Answer Stats
Country City % Correct
UNITED STATES New York
99%
GERMANY Berlin
98%
FRANCE Paris
98%
UNITED KINGDOM London
97%
UNITED STATES Los Angeles
97%
JAPAN Tokyo
96%
CHINA Beijing
95%
BRAZIL Rio de Janeiro
95%
UNITED STATES Chicago
93%
CANADA Toronto
93%
UNITED KINGDOM Manchester
92%
GERMANY Munich
92%
BRAZIL São Paulo
91%
CHINA Shanghai
90%
GERMANY Hamburg
89%
FRANCE Lyon
89%
CANADA Ottawa
89%
GERMANY Frankfurt
88%
FRANCE Marseille
88%
CANADA Montreal
88%
CANADA Vancouver
86%
UNITED KINGDOM Birmingham
85%
UNITED STATES Houston
84%
JAPAN Osaka
84%
CHINA Guangzhou
77%
UNITED KINGDOM Glasgow
75%
FRANCE Nice
75%
UNITED KINGDOM Leeds-Bradford
73%
GERMANY Cologne
72%
CANADA Calgary
69%
UNITED STATES Philadelphia
68%
FRANCE Toulouse
58%
BRAZIL Belo Horizonte
57%
JAPAN Sapporo
57%
JAPAN Nagoya
54%
CHINA Shenzhen
52%
JAPAN Yokohama
49%
BRAZIL Fortaleza
46%
BRAZIL Salvador
46%
CHINA Tianjin
45%
No matching quizzes found
Score Distribution
Percent of People with Each Score
Percentile by Number Answered
Your Score History
You have not taken this quiz since the last reset